000 02126cam a2200421 i 4500
001 10286031
003 OSt
005 20170105113101.0
008 121203s2013 nyu 000 1 eng
010 _a 2012042426
020 _a9780385349833 (hardback)
020 _a0385349831 (hardback)
024 _a40022269098
035 _a(OCoLC)820349319
_z(OCoLC)812068493
035 _a(OCoLC)ocn820349319
035 _a(NNC)10286031
040 _aDLC
_beng
_erda
_cDLC
_dYDXCP
_dBTCTA
_dBDX
_dIEB
_dUPZ
_dTXA
_dOIP
041 1 _aeng
_hpor
042 _apcc
043 _aa-is---
_aawba---
050 0 0 _aPQ9698.13.O3546
_bM3613 2013
082 0 0 _a869.3/42
_223
084 _aFIC039000
_aFIC009030
_aFIC051000
_2bisacsh
100 1 _aCoelho, Paulo.
240 1 0 _aManuscrito encontrado em Accra.
_lEnglish
245 1 0 _aManuscript found in Accra /
_cPaulo Coelho ; translated from the Portuguese by Margaret Jull Costa.
250 _aFirst American edition.
300 _axiv, 190 pages ;
_c20 cm
500 _a"Originally published in Brazil as Manuscrito encantrado em Accra by Sextante, Rio de Janeiro, in 2012"--T.p. verso.
520 _a"The latest novel from #1 internationally best-selling author Paulo Coelho is a classic of inspiration and reflection, a meditation on life, love, and the significance of change. A novel of philosophical reflection set in Jerusalem during the time of the Crusades. Here a community of Christians, Arabs, and Jews who have long lived together harmoniously have been warned of an imminent attack and certain destruction. Contemplating their demise, the community assembles to seek the wise counsel of a Greek Copt, who imparts comforting and guiding wisdom on the enduring attributes of human character. The novel unfolds as a sequence of parables on love, faith, sex, friendship, beauty, bravery, loyalty, and success. "--
650 0 _aCrusades
_vFiction.
651 0 _aJerusalem
_xHistory
_yLatin Kingdom, 1099-1244
_vFiction.
655 0 _aReligious fiction.
700 1 _aCosta, Margaret Jull.
942 _2ddc
_cBK
948 1 _a20130528
_bc
_cvt2130
_dMPS
999 _c33048
_d33048